| 000 | 00000nam##2200000za#4500 |
| 001 | 9.616672 |
| 003 | CaOODSP |
| 005 | 20210615101732 |
| 007 | ta |
| 008 | 150406|2003||||xxc||||| f|0| 0 eng|d |
| 040 | |aCaOODSP|beng |
| 043 | |an-cn--- |
| 086 | 1 |aNH18-22/103-122E |
| 110 | 2 |aCanada Mortgage and Housing Corporation. |
| 245 | 14|aThe impact of requiring HVAC system design submittal on system performance |
| 260 | |bCanada Mortgage and Housing Corporation |c2003. |
| 300 | |a[2]p. : |btable ; |c28 cm. |
| 490 | 1 |aResearch highlight. Technical series |v03-122 |
| 520 | 3 |aThese technical papers summarize a wide range of housing-related studies, reports, and manuals. They examine issues as diverse as low-maintenance northern landscaping; policy options for achieving healthy indoor air quality; and various aspects of building performance, including high-rise building envelope performance, performance of various building materials, and evaluations of district heating systems. |
| 563 | |aPamphlet |
| 590 | |a04-01|b2004-01-02 |
| 690 | 07|aHeating|2gcpds |
| 690 | 07|aHousing|2gcpds |
| 775 | 08|tL'incidence d'exiger la présentation des plans de conception des systèmes de chauffage, de ventilation et de conditionnement d'air (CVCA) sur leur performance |w(CaOODSP)9.626446 |
| 776 | 0#|tThe impact of requiring HVAC system design submittal on system performance |w(CaOODSP)9.581095 |
| 830 | #0|aResearch highlight. Technical series ;|v03-122|w(CaOODSP)9.514826 |